00359nam a2200109Ia 4500008004100000082000800041100002100049245005900070942000600129952009900135999001500234240331s9999 xx 000 0 und d bSAN aSandrasegaran, S 0aIlankaiyil thamilar kalvi :bvalarchiyum prachanikalum cL 001040708LaWERCLbWERCLcSSCd2024-03-31l0o 370.954 SANp4690r2024-03-31w2024-03-31yL c3602d3602